NFL - 2013 Seahawks Roster (Legion of Boom) - Statistics

General Stats
  • This quiz has been taken 175 times
    140 since last reset
  • The average score is 10 of 22
Answer Stats
Hint Answer % Correct
QB Russel Wilson
98%
RB Marshawn Lynch
95%
TE Luke Willson
91%
CB Richard Sherman
91%
SS Kam Chancellor
83%
MLB Bobby Wagner
82%
FS Earl Thomas III
79%
WR Doug Baldwin
78%
WR Golden Tate
45%
LB K.J. Wright
39%
WR Percy Harvin
31%
CB Brandon Browner
27%
C Max Unger
21%
LB Bruce Irvin
20%
DT Brandon Mebane
16%
LT Russell Okung
14%
LG J.R. Sweezy
11%
DE Red Bryant
10%
DE Chris Clemons
9%
DT Tony McDaniel
8%
RG Paul McQuistan
5%
RT Breno Giacomini
4%
No matching quizzes found
Score Distribution
Percent of People with Each Score
Percentile by Number Answered
Your Score History
You have not taken this quiz since the last reset